| 000 | 01694 a2200277 4500 | ||
|---|---|---|---|
| 003 | BJBSDDR | ||
| 005 | 20241029132914.0 | ||
| 007 | ta | ||
| 008 | 240912s2002 sp 00| 0 spa d | ||
| 020 | _a9788427027732 | ||
| 020 | _a8427027737 | ||
| 040 |
_bspa _cBJBSDDR |
||
| 041 | _aspa | ||
| 050 | 1 | 4 |
_aBX 1735 _bP438c 2002 |
| 100 | 1 |
_aPérez, Joseph, _d1931-2020 _938435 |
|
| 245 | 1 | 0 |
_aCrónica de la Inquisición en España / _cJoseph Pérez. |
| 260 |
_aBarcelona : _bEdiciones Martínez Roca, _c2002. |
||
| 300 |
_a508 páginas : _bilustraciones ; _c24 cm. |
||
| 440 | 0 |
_aColección Así vivían, _938436 |
|
| 504 | _aIncluye bibliografía. | ||
| 520 | _aEspaña posee el dudoso privilegio de haber creado y conservado durante más de tres siglos uno de los tribunales más severos de la historia moderna de Europa: la Inquisición. Este instrumento político-religioso institucionalizó la intolerancia fomentando la persecución de las minorías religiosas y la represión de cualquier posible desviación de la fe católica. Huyendo de la leyenda negra, pero también de los intentos por minimizar sus crímenes, el prestigioso hispanista Joseph Pérez nos ofrece una visión crítica y actualizada del origen, la estructura, las actuaciones y la influencia del Santo Oficio en la Península. Con Crónica de la Inquisición en España, el autor logra emitir un juicio equilibrado y concluyente sobre una institución nacida de la intransigencia y del fanatismo de su tiempo. | ||
| 650 | 4 |
_aInquisición _xHistoria _zEspaña _917249 _ySiglos XV-XVIII |
|
| 650 | 4 |
_aPersecuciones religiosas _xHistoria _zEspaña _96110 _ySiglos XV-XVIII |
|
| 942 |
_2lcc _cBK |
||
| 946 | _irmza | ||
| 999 |
_c122053 _d122053 |
||